000 01505nam a22002897a 4500
999 _c23412
_d23412
003 AR-CdUCM
008 251210b20222022pe ||||| |||| 00| 0 spa d
040 _aMUNICIPALIDAD PROVINCIAL DEL CUSCO
_cBIBLIOTECA MUNICIPAL DEL CUSCO
041 _hspa
082 _a985.613 /
_bA32
100 _aAguilar Flores, José Domingo.
_949580
110 _aMunicipalidad de Marangani
_951676
245 _aVisión de Marangani /
_bBicentenario 2021.
260 _bAguilar Flores, José Domingo.
_c2022
_aCusco
300 _a164 pág. :
_c30 x 21 cm.
505 _a El origen de Maranganí -- Las Comunidades Campesinas -- El Código Civil- Ley General de CC -- Huayllapunco- Tañiwa -- Ccuyo- Ccaycco -- Quisini- Mamuera -- Llallahui- Chectuyoc -- Occobamba -- Huisccachani -- Sullca -- Hanccohocca- Silly -- Señor del Sepulcro -- Rosario -- Purificada -- San Isidro Labrador -- Tierra y Libertad- La Reforma Agraria- Principios -- Propiedades y liberación -- Proyecto del Campesino -- Política Agraria -- Expo Feria Nacional -- Historia de Plaza de Toros -- Creación de la carrera de Medicina Veterinaria -- Gratitud Qanchi Raymi....
650 _aBicentenario Nacional
_951677
650 _aOrigen
_915147
650 _aComunidades Campesinas
_92214
650 _aInstitutos de Camélidos
_951678
650 _aFerias
_948345
650 _aProclamas
_951679
650 _aGobiernos Locales
_98462
650 _aMarangani Mundo Científico
_951680
942 _2ddc
_cLIBROS
945 _ajmcs
_d10/12/2025